000 00762 a2200217 4500
005 20181102132148.0
008 180924s2007 bl ||||| |||| 00| 0 por d
020 _a9788574743318 (2a Ed.)
040 _aCO-BoUCM
_bspa
_cDoris Forero
_dDoris Forero
041 _apor
100 1 0 _aMeditsch, Eduardo
_993727
245 _aO rádio na era da informacao
_bteoria e tecnica do novo radiojornalismo
_cMeditsch, Eduardo
250 _a2a Ed.
260 _aFlorianópolis
_bEditora Insular
_c2007
300 _a300 páginas
650 7 _921340
_aPeriodismo
_xBrasil
650 7 _925218
_aTendencias
_xRadio Informativa
650 7 _921340
_aPeriodismo
_xInformación
942 _cLIBRO
_2DEWEY
_a24
_e2
_h621.3841
_mM491
999 _c310613
_d310613